| 000 | 00889nam a22002657a 4500 | ||
|---|---|---|---|
| 999 |
_c7013 _d7013 |
||
| 003 | AR-CdUCM | ||
| 008 | 190319b ||||| |||| 00| 0 spa d | ||
| 020 | _a84-281-0237-6 | ||
| 040 |
_aMUNICIPALIDAD PROVINCIAL DEL CUSCO _cBIBLIOTECA MUNICIPAL DEL CUSCO |
||
| 041 | _heng | ||
| 082 |
_a576.363 / _bC29 |
||
| 100 |
_aCarles, Jules _919758 |
||
| 245 | _aLa Fecundación / | ||
| 260 |
_aBarceloan : _bOikos-Tau, _c1973. |
||
| 300 |
_a122 paginas ; _bFiguras, ilustraciones, _c18 cm. |
||
| 440 |
_aColección ¿ que es ? _n97 _919759 |
||
| 505 | _aContenido: Gametos -- formacion de los gametos -- encuentro de gametos -- union de gametos -- la hibridacion -- partenogenesis... | ||
| 650 |
_aFecundación _919760 |
||
| 650 |
_aBiologia _9881 |
||
| 650 |
_aFecundación _919760 |
||
| 650 |
_aSiglo XX _98 |
||
| 700 |
_aFerrer, Alexandre _919761 |
||
| 942 |
_2ddc _cLIBROS |
||
| 945 | _apjha | ||